[Event "Rated Blitz game"]
[Site "?"]
[Date "2021.11.05"]
[Round "?"]
[White "Josue2001"]
[Black "Fantastic_power06"]
[Result "0-1"]
[WhiteElo "2693"]
[BlackElo "2797"]
[PlyCount "72"]
[EventDate "2021.??.??"]
[EventType "blitz"]

1. e4 e5 2. Nf3 d5 3. exd5 e4 4. Nd4 Qxd5 5. Nb5 Na6 6. d4 exd3 7. Qxd3 Qxd3 8.
Bxd3 c6 9. Nd4 Nb4 10. O-O Nxd3 11. cxd3 Bc5 12. Re1+ Kf8 13. Nb3 Bd6 14. Nc3
Be6 15. Ne4 Bb4 16. Bd2 Bxd2 17. Nexd2 b6 18. Rac1 Bd5 19. Nd4 Ne7 20. Re3 c5
21. Nb5 Nf5 22. Re5 Be6 23. Nc7 Rd8 24. Nxe6+ fxe6 25. Rxe6 Kf7 26. Re5 Kf6 27.
f4 Nd4 28. Ne4+ Kg6 29. h4 Ne2+ 30. Kf2 Nxc1 31. h5+ Kh6 32. g4 Nxd3+ 33. Kg3
Nxe5 34. Ng5 Rd3+ 35. Kh4 Ng6+ 36. hxg6 Kxg6 {Normal} 0-1

[Event "Rated Blitz game"]
[Site "?"]
[Date "2021.11.05"]
[Round "?"]
[White "temka2022"]
[Black "arvids_andrejevs"]
[Result "0-1"]
[WhiteElo "2356"]
[BlackElo "2413"]
[PlyCount "34"]
[EventDate "2021.??.??"]
[EventType "blitz"]

1. e4 e5 2. Nf3 d5 3. exd5 e4 4. Qe2 f5 5. d3 Nf6 6. Nbd2 Qxd5 7. dxe4 fxe4 8.
Ng1 Bc5 9. Nb3 Bg4 10. f3 Bh5 11. Nxc5 Qxc5 12. Be3 Qa5+ 13. c3 O-O 14. g4 exf3
15. Qc4+ Bf7 16. Qf4 Nd5 17. Qxf3 Nxe3 {Normal} 0-1

[Event "Rated Blitz game"]
[Site "?"]
[Date "2021.11.05"]
[Round "?"]
[White "ChaMarTambo"]
[Black "blastol"]
[Result "0-1"]
[WhiteElo "2375"]
[BlackElo "2538"]
[PlyCount "20"]
[EventDate "2021.??.??"]
[EventType "blitz"]

1. e4 e5 2. Nf3 d5 3. exd5 Bd6 4. Bb5+ c6 5. dxc6 bxc6 6. Bc4 e4 7. Qe2 Qe7 8.
Nd4 Nf6 9. Nc3 O-O 10. O-O Qe5 {Normal} 0-1

[Event "Rated Blitz tournament Eeqy6Cps"]
[Site "?"]
[Date "2021.11.05"]
[Round "?"]
[White "Alam_BKD"]
[Black "Bis_Kecil_BKD"]
[Result "0-1"]
[WhiteElo "2360"]
[BlackElo "2445"]
[PlyCount "38"]
[EventDate "2021.??.??"]
[EventType "blitz"]

1. e4 e5 2. Nf3 d5 3. exd5 e4 4. Ne5 Qxd5 5. d4 exd3 6. Nxd3 Nf6 7. Nc3 Qc6 8.
Bg5 Be7 9. Qd2 O-O 10. O-O-O Be6 11. Nf4 Bb4 12. Nxe6 Ne4 13. Nd4 Qc5 14. Nxe4
Bxd2+ 15. Rxd2 Qe5 16. f3 Nc6 17. Nxc6 bxc6 18. Bd3 Rab8 19. Nc3 Qxg5 {Normal}
0-1

[Event "Rated Blitz game"]
[Site "?"]
[Date "2021.11.05"]
[Round "?"]
[White "LeonIlyich"]
[Black "Schachelite"]
[Result "0-1"]
[WhiteElo "2515"]
[BlackElo "2469"]
[PlyCount "130"]
[EventDate "2021.??.??"]
[EventType "blitz"]

1. e4 e5 2. Nf3 d5 3. Nc3 dxe4 4. Nxe4 f5 5. Ng3 Bd6 6. d4 e4 7. Ne5 Bxe5 8.
dxe5 Qxd1+ 9. Kxd1 Nc6 10. Bb5 Nge7 11. Bg5 O-O 12. Bxe7 Nxe7 13. f4 exf3 14.
gxf3 f4 15. Ne4 Bh3 16. Re1 Bg2 17. Ke2 Rf5 18. Kf2 Bh3 19. Bd7 Rh5 20. Bxh3
Rxh3 21. Kg2 Rh5 22. Nc5 b6 23. Ne6 c5 24. Nxf4 Rg5+ 25. Kf2 Nc6 26. Re4 Rxe5
27. Rxe5 Nxe5 28. Re1 Nc6 29. Re6 Nd4 30. Re7 Rf8 31. c3 Rxf4 32. cxd4 Rxd4 33.
Ke3 Rh4 34. Rxa7 Rxh2 35. b3 h5 36. Ra6 Kh7 37. a4 Rb2 38. Rxb6 c4 39. a5 cxb3
40. a6 Ra2 41. Kf4 g6 42. Kg5 Ra5+ 43. Kh4 Kh6 44. f4 b2 45. Rxb2 Rxa6 46. Rb8
Ra1 47. Rh8+ Kg7 48. Rb8 Rh1+ 49. Kg3 Rg1+ 50. Kf3 Ra1 51. Rb7+ Kh6 52. Rb6 Rg1
53. Ke4 h4 54. Rb8 Kh5 55. Kf3 Rg3+ 56. Kf2 Kg4 57. Rf8 Rf3+ 58. Kg2 Rxf4 59.
Rh8 g5 60. Rg8 h3+ 61. Kg1 Kh4 62. Kh2 Rf2+ 63. Kg1 Ra2 64. Rh8+ Kg3 65. Kf1 h2
{Time forfeit} 0-1

[Event "Rated Blitz game"]
[Site "?"]
[Date "2021.11.05"]
[Round "?"]
[White "REZeroFS"]
[Black "Minty0209"]
[Result "1-0"]
[WhiteElo "2625"]
[BlackElo "2356"]
[PlyCount "69"]
[EventDate "2021.??.??"]
[EventType "blitz"]

1. e4 e5 2. Nf3 d5 3. exd5 e4 4. Qe2 Qe7 5. Nd4 Qe5 6. Nb3 f5 7. d4 Qxd5 8. c4
Qd8 9. Nc3 Nc6 10. Bf4 Bb4 11. O-O-O Bxc3 12. bxc3 Nf6 13. d5 Ne7 14. d6 cxd6
15. Rxd6 Bd7 16. Qd2 Qc8 17. Bg5 Nfg8 18. c5 h6 19. Bf4 b5 20. Be2 Nf6 21. Be5
Rf8 22. Rd1 Bc6 23. Nd4 a6 24. Ne6 Nfd5 25. Nxg7+ Kf7 26. Bh5+ Kg8 27. Qxh6 Nf6
28. Rxf6 Rxf6 29. Qxf6 Qf8 30. Qg5 Kh7 31. Ne6 Qg8 32. Qxe7+ Kh6 33. Qf6+ Kxh5
34. Nf4+ Kg4 35. h3# {Normal} 1-0

[Event "Rated Blitz game"]
[Site "?"]
[Date "2021.11.05"]
[Round "?"]
[White "akots"]
[Black "blastol"]
[Result "1-0"]
[WhiteElo "2416"]
[BlackElo "2532"]
[PlyCount "63"]
[EventDate "2021.??.??"]
[EventType "blitz"]

1. e4 e5 2. Nf3 d5 3. Nc3 dxe4 4. Nxe4 f5 5. Nc3 e4 6. Ne5 Nf6 7. d4 c5 8. Bb5+
Nbd7 9. dxc5 Bxc5 10. O-O O-O 11. Bf4 Nxe5 12. Bxe5 Ng4 13. Qxd8 Rxd8 14. Bc7
Rd2 15. Rad1 Bxf2+ 16. Rxf2 Rxf2 17. Bc4+ Kf8 18. h3 Rxc2 19. hxg4 g6 20. Rd8+
Ke7 21. Nd5+ Kf7 22. Ne3+ Rxc4 23. Nxc4 Be6 24. Rxa8 Bxc4 25. b3 Bd5 26. gxf5
gxf5 27. Rxa7 e3 28. Bf4 e2 29. Bd2 f4 30. Kf2 f3 31. gxf3 Bxf3 32. Kxf3 {
Normal} 1-0

[Event "Rated Blitz game"]
[Site "?"]
[Date "2021.11.05"]
[Round "?"]
[White "furkancelebi"]
[Black "Annali-annaliew1979"]
[Result "1-0"]
[WhiteElo "2319"]
[BlackElo "2409"]
[PlyCount "119"]
[EventDate "2021.??.??"]
[EventType "blitz"]

1. e4 e5 2. Nf3 d5 3. exd5 e4 4. Ne5 Bd6 5. d4 Nf6 6. Bb5+ Nbd7 7. O-O h6 8. c4
O-O 9. Nxd7 Bxd7 10. Bxd7 Qxd7 11. Nc3 b6 12. Re1 Rfe8 13. Qc2 Qg4 14. h3 Qf5
15. Bd2 Qg6 16. Re2 e3 17. Qxg6 exf2+ 18. Kxf2 fxg6 19. Rae1 Kf7 20. Rxe8 Rxe8
21. Rxe8 Kxe8 22. Kf3 g5 23. Ne4 Kf7 24. Nxf6 gxf6 25. b4 f5 26. c5 bxc5 27.
dxc5 Be5 28. Ke3 c6 29. d6 Ke6 30. Kd3 Bf6 31. Bc3 Bd8 32. a4 a6 33. Bg7 h5 34.
Kd4 g4 35. hxg4 fxg4 36. Ke4 Bg5 37. Bf8 Bd2 38. b5 axb5 39. axb5 cxb5 40. c6
Ba5 41. Be7 b4 42. Kd4 h4 43. c7 Kd7 44. Bxh4 Bb6+ 45. Kc4 b3 46. Kxb3 Bc5 47.
Be7 g3 48. Kc4 Bf2 49. Kb5 Be3 50. Ka6 Kc8 51. Kb5 Kd7 52. Kc4 Bb6 53. Kd5 Bf2
54. Bh4 Be1 55. c8=Q+ Kxc8 56. Ke6 Ba5 57. d7+ Kb7 58. d8=Q Bxd8 59. Bxd8 Kc6
60. Bh4 {Normal} 1-0

[Event "Rated Blitz game"]
[Site "?"]
[Date "2021.11.05"]
[Round "?"]
[White "Sertoespj"]
[Black "khalid_ontawar"]
[Result "0-1"]
[WhiteElo "2427"]
[BlackElo "2481"]
[PlyCount "122"]
[EventDate "2021.??.??"]
[EventType "blitz"]

1. e4 e5 2. Nf3 d5 3. Nxe5 Qe7 4. d4 f6 5. Nd3 dxe4 6. Nf4 Bf5 7. c3 Nc6 8. Bc4
O-O-O 9. Qe2 g5 10. Nd5 Qe8 11. Ne3 Bg6 12. g4 h5 13. Na3 Bxa3 14. bxa3 hxg4
15. Qxg4+ Kb8 16. Bd2 Bh5 17. Qg3 Bf3 18. Rg1 Nge7 19. Be2 Bxe2 20. Kxe2 Qd7
21. Rab1 Ne5 22. Rb2 Nd3 23. Rb3 Nf4+ 24. Kd1 Nf5 25. Nxf5 Qxf5 26. Bxf4 gxf4
27. Qg4 Qd5 28. Qxf4 f5 29. Kc2 Qc4 30. Rd1 Rhf8 31. Kb2 Rde8 32. Rb4 Qe2+ 33.
Rd2 Qf1 34. d5 e3 35. fxe3 Qe1 36. Rbd4 Qxe3 37. Qxe3 Rxe3 38. d6 cxd6 39. Rxd6
f4 40. Rd7 f3 41. Rd8+ Rxd8 42. Rxd8+ Kc7 43. Rf8 Re2+ 44. Kb3 f2 45. h4 Kd7
46. h5 Ke7 47. Rf3 Re5 48. Rxf2 Rxh5 49. Rd2 Rg5 50. a4 b6 51. a3 a5 52. c4
Rg3+ 53. Kc2 Rxa3 54. Rh2 Rxa4 55. Kb3 Rb4+ 56. Kc3 Kd6 57. Rh7 Kc5 58. Rh6
Rxc4+ 59. Kb3 Rb4+ 60. Ka3 Kb5 61. Rh5+ Ka6 {Time forfeit} 0-1

[Event "Rated Blitz tournament uOuSktKg"]
[Site "?"]
[Date "2021.11.05"]
[Round "?"]
[White "rossey"]
[Black "DOOGE228"]
[Result "0-1"]
[WhiteElo "2272"]
[BlackElo "2441"]
[PlyCount "42"]
[EventDate "2021.??.??"]
[EventType "blitz"]

1. e4 e5 2. Nf3 d5 3. Nxe5 Bd6 4. d4 dxe4 5. Bc4 Bxe5 6. dxe5 Qxd1+ 7. Kxd1 Nc6
8. Bf4 Nge7 9. e6 Bxe6 10. Bxe6 fxe6 11. Bxc7 e5 12. b4 Rc8 13. b5 Nd4 14. Bxe5
Nxc2 15. Bxg7 Rg8 16. Bc3 Nxa1 17. g3 Nd5 18. Bxa1 Rf8 19. Bd4 Rf3 20. Re1 Rd3+
21. Ke2 Rxd4 {Normal} 0-1

[Event "Rated Blitz game"]
[Site "?"]
[Date "2021.11.05"]
[Round "?"]
[White "R_Berzinsh"]
[Black "Dungar"]
[Result "1-0"]
[WhiteElo "2510"]
[BlackElo "2543"]
[PlyCount "40"]
[EventDate "2021.??.??"]
[EventType "blitz"]

1. e4 e5 2. Nf3 d5 3. exd5 e4 4. Ne5 Qxd5 5. d4 exd3 6. Nxd3 Nc6 7. Nc3 Qe6+ 8.
Be2 Nf6 9. O-O Be7 10. Re1 O-O 11. Bf4 Bd6 12. Bf3 Qf5 13. Bxd6 cxd6 14. Ne4
Nxe4 15. Bxe4 Qg5 16. Qf3 Bg4 17. Qg3 d5 18. Bf3 h5 19. h3 Nd4 20. hxg4 h4 {
Normal} 1-0

[Event "Rated Blitz tournament Eeqy6Cps"]
[Site "?"]
[Date "2021.11.05"]
[Round "?"]
[White "Sanjaya_BKD"]
[Black "Gendut_BKD"]
[Result "0-1"]
[WhiteElo "2211"]
[BlackElo "2421"]
[PlyCount "132"]
[EventDate "2021.??.??"]
[EventType "blitz"]

1. e4 e5 2. Nf3 d5 3. exd5 e4 4. Ne5 Qxd5 5. d4 exd3 6. Nxd3 Nf6 7. Nc3 Qe6+ 8.
Qe2 Bd6 9. Qxe6+ Bxe6 10. Be2 Nc6 11. O-O O-O 12. Nb5 Rfe8 13. Nxd6 cxd6 14.
Bf4 Rad8 15. a3 Nd4 16. Bd1 Bf5 17. Ne1 Ne2+ 18. Bxe2 Rxe2 19. Rc1 Re6 20. Nf3
Ree8 21. h3 h6 22. Be3 a6 23. Bb6 Rc8 24. c3 d5 25. Nd4 Be4 26. f3 Bd3 27. Rfe1
Bg6 28. Nb3 Nd7 29. Bd4 Nb8 30. Na5 Nc6 31. Nxb7 Rxe1+ 32. Rxe1 Nxd4 33. cxd4
Rb8 34. Re7 Kf8 35. Rc7 h5 36. b4 Re8 37. Kf2 Bd3 38. Nc5 Bc4 39. Nd7+ Kg8 40.
Ne5 Bb5 41. Nxf7 Re2+ 42. Kg3 h4+ 43. Kxh4 Rxg2 44. Ng5 Kf8 45. Rf7+ Kg8 46.
Ra7 g6 47. a4 Bxa4 48. Rxa6 Bd7 49. Rxg6+ Kf8 50. Rd6 Bf5 51. Rxd5 Bg6 52. Rd8+
Ke7 53. Rg8 Kf6 54. Ne4+ Bxe4 55. fxe4 Rxg8 56. e5+ Ke6 57. Kh5 Kd5 58. h4 Kxd4
59. e6 Ke5 60. Kh6 Kxe6 61. Kh7 Kf7 62. h5 Rb8 63. h6 Rxb4 64. Kh8 Rb8+ 65. Kh7
Rb6 66. Kh8 Rxh6# {Normal} 0-1

[Event "Rated Blitz game"]
[Site "?"]
[Date "2021.11.05"]
[Round "?"]
[White "ChessAndr009"]
[Black "DOOGE228"]
[Result "0-1"]
[WhiteElo "2411"]
[BlackElo "2457"]
[PlyCount "48"]
[EventDate "2021.??.??"]
[EventType "blitz"]

1. e4 e5 2. Nf3 d5 3. exd5 e4 4. Qe2 Nf6 5. c4 Be7 6. Nd4 O-O 7. Nc2 Bc5 8. b4
Bg4 9. bxc5 Bxe2 10. Bxe2 Nbd7 11. Ba3 Re8 12. Nc3 Ne5 13. O-O Ng6 14. g3 Qd7
15. Rab1 Rab8 16. Nd4 Ne5 17. Rb3 Qh3 18. f4 Neg4 19. Bxg4 Nxg4 20. Rf2 Nxf2
21. Kxf2 Qxh2+ 22. Ke1 Qxg3+ 23. Kd1 Qg1+ 24. Kc2 Qxd4 {Normal} 0-1

[Event "Rated Blitz game"]
[Site "?"]
[Date "2021.11.05"]
[Round "?"]
[White "GuestGuy"]
[Black "xperia0"]
[Result "0-1"]
[WhiteElo "2588"]
[BlackElo "2578"]
[PlyCount "42"]
[EventDate "2021.??.??"]
[EventType "blitz"]

1. e4 e5 2. Nf3 d5 3. exd5 c6 4. Nxe5 Bd6 5. d4 Bxe5 6. dxe5 cxd5 7. Bb5+ Nc6
8. O-O h5 9. c4 Nge7 10. Nc3 Bg4 11. f3 Be6 12. Bg5 dxc4 13. Qa4 Qd4+ 14. Kh1
O-O 15. Rad1 Qxe5 16. f4 Qf5 17. Bxc4 Bxc4 18. Qxc4 Qg6 19. Ne4 Nf5 20. Qe2
Rae8 21. Qf3 Rxe4 {Normal} 0-1

[Event "Rated Blitz game"]
[Site "?"]
[Date "2021.11.05"]
[Round "?"]
[White "Napo18"]
[Black "DOOGE228"]
[Result "1-0"]
[WhiteElo "2637"]
[BlackElo "2454"]
[PlyCount "69"]
[EventDate "2021.??.??"]
[EventType "blitz"]

1. e4 e5 2. Nf3 d5 3. d3 dxe4 4. dxe4 Qxd1+ 5. Kxd1 Nf6 6. Nbd2 Ng4 7. Ke2 f6
8. h3 Nh6 9. Ne1 Be6 10. Nd3 Nf7 11. g3 b6 12. Bg2 Nd6 13. f4 Nf7 14. b3 Nc6
15. Bb2 O-O-O 16. Nf3 exf4 17. gxf4 Bd6 18. Rhe1 Rhe8 19. Kf2 Nb4 20. Nxb4 Bxb4
21. Red1 Bd6 22. e5 fxe5 23. fxe5 Bc5+ 24. Kg3 Nh6 25. Ng5 Bg8 26. Bc6 Nf5+ 27.
Kh2 Rxd1 28. Rxd1 Rd8 29. Bb7+ Kxb7 30. Rxd8 Ne7 31. Ne4 Be3 32. Re8 Bf4+ 33.
Kg1 Be3+ 34. Kf1 Bd5 35. Nc3 {Normal} 1-0

[Event "Rated Blitz game"]
[Site "?"]
[Date "2021.11.05"]
[Round "?"]
[White "MgaPR"]
[Black "khalid_ontawar"]
[Result "1-0"]
[WhiteElo "2485"]
[BlackElo "2500"]
[PlyCount "101"]
[EventDate "2021.??.??"]
[EventType "blitz"]

1. e4 e5 2. Nf3 d5 3. Nxe5 Qe7 4. d4 f6 5. Nf3 dxe4 6. Nfd2 Nc6 7. Nb3 Bd7 8.
Nc3 O-O-O 9. Be3 f5 10. g3 g5 11. Qd2 h6 12. h4 f4 13. gxf4 gxf4 14. Bxf4 Bg7
15. Be3 Bg4 16. Be2 Ne5 17. O-O-O Bxe2 18. Qxe2 Nf3 19. d5 Bxc3 20. bxc3 Nf6
21. c4 Qe5 22. Kb1 Rhe8 23. Nd4 Nh5 24. Nxf3 exf3 25. Qxf3 Ng7 26. Bd4 Qe7 27.
Qg4+ Rd7 28. Bc3 Qf7 29. Rhe1 Rxe1 30. Rxe1 Nf5 31. Re6 Nd6 32. Rxh6 b6 33. Rf6
Qe7 34. h5 Kb7 35. Kb2 Qh7 36. Qg6 Nxc4+ 37. Kb3 Na5+ 38. Bxa5 bxa5 39. Qxh7
Rxh7 40. h6 Kc8 41. c4 Kd7 42. c5 Re7 43. a4 Re4 44. f4 Re3+ 45. Kc4 a6 46. h7
Rh3 47. Rf7+ Ke8 48. Rxc7 Rh4 49. c6 Rxf4+ 50. Kc5 Kd8 51. h8=Q+ {Normal} 1-0

[Event "Rated Blitz tournament Eeqy6Cps"]
[Site "?"]
[Date "2021.11.05"]
[Round "?"]
[White "Saparmyrat"]
[Black "Gendut_BKD"]
[Result "1-0"]
[WhiteElo "2585"]
[BlackElo "2426"]
[PlyCount "129"]
[EventDate "2021.??.??"]
[EventType "blitz"]

1. e4 e5 2. Nf3 d5 3. Nxe5 Bd6 4. d4 dxe4 5. Nc4 Be7 6. Nc3 Nf6 7. Bg5 Bf5 8.
Qd2 Nbd7 9. O-O-O c6 10. h3 Nb6 11. g4 Bg6 12. Ne5 Nfd5 13. Bxe7 Qxe7 14. Nxg6
hxg6 15. Nxe4 O-O-O 16. Bg2 Nc4 17. Qd3 Qb4 18. Qb3 Ncb6 19. Qxb4 Nxb4 20. c3
N4d5 21. Ng5 Rd7 22. Bxd5 Nxd5 23. Rde1 f6 24. Ne6 g5 25. Re2 Re7 26. Kc2 Rhe8
27. Rhe1 a5 28. c4 Nb6 29. Kc3 Na8 30. Nf4 Rxe2 31. Rxe2 Rxe2 32. Nxe2 Kd7 33.
Ng3 Nc7 34. Nf5 g6 35. Ne3 Ke6 36. d5+ cxd5 37. Kd4 dxc4 38. Nxc4 Nb5+ 39. Kc5
Nc7 40. Nxa5 Na6+ 41. Kb6 Nb4 42. Nxb7 Nxa2 43. Kb5 Nc1 44. b4 Nd3 45. Nc5+
Nxc5 46. Kxc5 Kd7 47. b5 f5 48. Kd5 fxg4 49. hxg4 Kc7 50. Ke5 Kb6 51. Kf6 Kxb5
52. Kxg6 Kc6 53. Kxg5 Kd7 54. Kf6 Ke8 55. g5 Kf8 56. f4 Kg8 57. f5 Kf8 58. g6
Kg8 59. Kg5 Kf8 60. f6 Kg8 61. g7 Kf7 62. Kh6 Kg8 63. f7+ Kxf7 64. Kh7 Ke7 65.
g8=Q {Normal} 1-0

[Event "Rated Blitz game"]
[Site "?"]
[Date "2021.11.05"]
[Round "?"]
[White "Frikadelbka"]
[Black "rofaidah"]
[Result "1-0"]
[WhiteElo "2373"]
[BlackElo "2486"]
[PlyCount "107"]
[EventDate "2021.??.??"]
[EventType "blitz"]

1. e4 e5 2. Nf3 d5 3. Nc3 dxe4 4. Nxe4 f5 5. Nxe5 fxe4 6. Qh5+ g6 7. Nxg6 hxg6
8. Qxh8 Be6 9. Qh7 Bf7 10. h4 Nf6 11. Qh8 Nbd7 12. Be2 Qe7 13. b3 O-O-O 14. Bb2
Ne5 15. O-O-O Qe6 16. Bc4 Nxc4 17. Qxf6 Nxb2 18. Qxe6+ Bxe6 19. Kxb2 Bg7+ 20.
Kc1 Bd5 21. c4 Bc6 22. h5 gxh5 23. Rxh5 Bd4 24. Rf1 Rf8 25. f3 e3 26. dxe3
Bxe3+ 27. Kc2 Be8 28. Re5 Bf4 29. Re6 Bd7 30. Re7 Bg5 31. Re2 Bf5+ 32. Kc3 Bf6+
33. Kd2 Rd8+ 34. Ke3 Bd3 35. Rd1 Bxe2 36. Rxd8+ Kxd8 37. Kxe2 Ke7 38. Ke3 Ke6
39. Ke4 Bb2 40. f4 c6 41. g4 a6 42. a4 b6 43. Kd3 Bc1 44. Ke4 Bd2 45. g5 Bc1
46. f5+ Ke7 47. g6 Bh6 48. a5 bxa5 49. Kd4 Kd6 50. f6 Ke6 51. g7 Kf7 52. Kc5
Bg5 53. g8=Q+ Kxg8 54. Kxc6 {Time forfeit} 1-0

[Event "Rated Blitz game"]
[Site "?"]
[Date "2021.11.05"]
[Round "?"]
[White "NeedToGetALife"]
[Black "larsental3"]
[Result "0-1"]
[WhiteElo "2427"]
[BlackElo "2366"]
[PlyCount "140"]
[EventDate "2021.??.??"]
[EventType "blitz"]

1. e4 e5 2. Nf3 d5 3. exd5 e4 4. Qe2 Nf6 5. Nc3 Be7 6. Nxe4 O-O 7. d3 Nxd5 8.
Be3 f5 9. Nc3 Bb4 10. Qd2 f4 11. Bd4 c5 12. Be5 Re8 13. O-O-O Qa5 14. a3 Rxe5
15. axb4 Qa1+ 16. Nb1 Nxb4 17. Qxf4 Re7 18. d4 Be6 19. Bd3 Ba2 20. Kd2 Bxb1 21.
Rxb1 Qa5 22. Bc4+ Nd5+ 23. c3 Qd8 24. Bxd5+ Qxd5 25. Rhe1 Nc6 26. Rxe7 Nxe7 27.
Qe5 Qd7 28. Re1 Ng6 29. Qe6+ Qxe6 30. Rxe6 cxd4 31. Nxd4 Rd8 32. g3 Rd7 33. f4
Kf7 34. f5 Ne7 35. Ke3 Nxf5+ 36. Kf4 Nxd4 37. Re4 Nc6 38. Ke3 Rd1 39. Rf4+ Kg6
40. Rf2 Re1+ 41. Kf3 Rb1 42. Kg2 Ne5 43. h4 Re1 44. g4 Nxg4 45. Rd2 Ne3+ 46.
Kf2 Rd1 47. Rd6+ Kf5 48. Kxe3 Re1+ 49. Kd4 Rd1+ 50. Kc5 Rxd6 51. Kxd6 h6 52.
Kc7 g5 53. Kxb7 g4 54. c4 g3 55. c5 g2 56. c6 g1=Q 57. c7 Qb6+ 58. Ka8 Qxc7 59.
b4 Qc8+ 60. Kxa7 Qc4 61. b5 Qxb5 62. h5 Kg5 63. Ka8 Kxh5 64. Ka7 Kg5 65. Ka8 h5
66. Ka7 h4 67. Ka8 h3 68. Ka7 h2 69. Ka8 h1=Q+ 70. Ka7 Qa1# {Normal} 0-1

[Event "Rated Blitz game"]
[Site "?"]
[Date "2021.11.05"]
[Round "?"]
[White "TechnicalTrader"]
[Black "Annali-annaliew1979"]
[Result "0-1"]
[WhiteElo "2515"]
[BlackElo "2433"]
[PlyCount "30"]
[EventDate "2021.??.??"]
[EventType "blitz"]

1. e4 e5 2. Nf3 d5 3. exd5 e4 4. Qe2 f5 5. d3 Nf6 6. dxe4 fxe4 7. Ng5 Be7 8.
Nxe4 Nxe4 9. Qxe4 O-O 10. Be3 Bd6 11. Nc3 Bf5 12. Qc4 Nd7 13. Bd3 Ne5 14. Qd4
Nxd3+ 15. Qxd3 Bxd3 {Normal} 0-1

[Event "Rated Blitz game"]
[Site "?"]
[Date "2021.11.05"]
[Round "?"]
[White "sizukinis24"]
[Black "DOOGE228"]
[Result "0-1"]
[WhiteElo "2428"]
[BlackElo "2458"]
[PlyCount "34"]
[EventDate "2021.??.??"]
[EventType "blitz"]

1. e4 e5 2. Nf3 d5 3. exd5 e4 4. Ne5 Qxd5 5. d4 exd3 6. Nxd3 Nf6 7. Nc3 Qf5 8.
Be2 Bd6 9. O-O O-O 10. Bf3 Nc6 11. g3 Be6 12. Bg2 Rad8 13. Be3 Ng4 14. Bd2 Nd4
15. h3 Nf6 16. g4 Qg6 17. g5 Nh5 {Time forfeit} 0-1

[Event "Rated Blitz game"]
[Site "?"]
[Date "2021.11.05"]
[Round "?"]
[White "QproQ"]
[Black "King_bg03"]
[Result "1/2-1/2"]
[WhiteElo "2541"]
[BlackElo "2568"]
[PlyCount "140"]
[EventDate "2021.??.??"]
[EventType "blitz"]

1. e4 e5 2. Nf3 d5 3. exd5 e4 4. Qe2 Qe7 5. Ng1 Nf6 6. c4 Nbd7 7. d4 exd3 8.
Qxe7+ Bxe7 9. Bxd3 Ne5 10. Be2 Bf5 11. Bf4 Nd3+ 12. Bxd3 Bxd3 13. Nd2 O-O-O 14.
O-O-O Bc5 15. Nb3 Bxc4 16. Nxc5 Nxd5 17. b3 Bxb3 18. axb3 Nxf4 19. Nf3 b6 20.
Ne4 f5 21. Neg5 Nd3+ 22. Kc2 Nxf2 23. Nf7 Rxd1 24. Rxd1 Nxd1 25. Nxh8 Ne3+ 26.
Kd3 Nxg2 27. Nf7 Kd7 28. N7e5+ Ke6 29. Nc6 a5 30. Ncd4+ Kf6 31. Nb5 Nf4+ 32.
Kd4 c6 33. Nd6 Ne6+ 34. Ke3 Nc5 35. Nd2 b5 36. Kd4 Ne6+ 37. Ke3 a4 38. bxa4
bxa4 39. N6c4 g5 40. Nb1 h5 41. Nc3 Nc5 42. Na5 f4+ 43. Ke2 Kf5 44. Nxc6 Kg4
45. Nd4 Kh3 46. Kf2 g4 47. Kg1 a3 48. Nc2 a2 49. Nxa2 Ne4 50. Nc1 g3 51. hxg3
Kxg3 52. Ne2+ Kf3 53. Nxf4 Kxf4 54. Kh2 Ng5 55. Ne1 Kg4 56. Kg2 Ne4 57. Kh2 Nf6
58. Kg2 Nd5 59. Kh2 Nf4 60. Kg1 Ng6 61. Kh2 Nh4 62. Ng2 Nf5 63. Ne1 Kf4 64. Kg2
Kg4 65. Kh2 h4 66. Ng2 h3 67. Ne1 Nd4 68. Nd3 Nf3+ 69. Kh1 Kg3 70. Nf2 Kxf2 {
Normal} 1/2-1/2

[Event "Rated Blitz tournament 1d8Pvf0p"]
[Site "?"]
[Date "2021.11.05"]
[Round "?"]
[White "minageus"]
[Black "Daredevil099"]
[Result "1-0"]
[WhiteElo "2410"]
[BlackElo "2213"]
[PlyCount "89"]
[EventDate "2021.??.??"]
[EventType "blitz"]

1. e4 e5 2. Nf3 d5 3. exd5 e4 4. Qe2 Be7 5. Qxe4 Nf6 6. Qa4+ Bd7 7. Bb5 c6 8.
dxc6 bxc6 9. Bc4 O-O 10. O-O Bd6 11. d4 c5 12. Qb3 Bc6 13. d5 Bd7 14. Bg5 Bg4
15. Qb7 Nbd7 16. Qc6 Bxf3 17. Qxd6 Bg4 18. Bxf6 Nxf6 19. Qxd8 Rfxd8 20. Nc3 Bf5
21. Rac1 Rab8 22. b3 Ne4 23. Nxe4 Bxe4 24. Rfd1 Rd6 25. Rd2 Rbd8 26. Rcd1 Kf8
27. f3 Bf5 28. Bf1 a5 29. c4 a4 30. Bd3 Bd7 31. Bc2 axb3 32. axb3 Rb8 33. Ra1
Ke7 34. Re2+ Kf6 35. Ra7 h6 36. h4 g5 37. hxg5+ hxg5 38. Kf2 g4 39. fxg4 Bxg4
40. Ree7 Bh5 41. g4 Bxg4 42. Rxf7+ Ke5 43. Ke3 Rh8 44. Rae7+ Be6 45. Rf5# {
Normal} 1-0

[Event "Rated Blitz game"]
[Site "?"]
[Date "2021.11.05"]
[Round "?"]
[White "treadstone_71"]
[Black "Benny_Watts_2005"]
[Result "0-1"]
[WhiteElo "2415"]
[BlackElo "2339"]
[PlyCount "82"]
[EventDate "2021.??.??"]
[EventType "blitz"]

1. e4 e5 2. Nf3 d5 3. Nxe5 Bd6 4. d4 dxe4 5. Nc4 Nc6 6. Nc3 Nf6 7. Bg5 Bb4 8.
Bxf6 Qxf6 9. a3 Bxc3+ 10. bxc3 O-O 11. Be2 Bf5 12. O-O Bg6 13. Rb1 b6 14. Ne3
Rad8 15. Qc1 Qe7 16. Bb5 Nb8 17. a4 f5 18. Qb2 Kh8 19. Qb4 c5 20. Qa3 f4 21.
Nd1 Qg5 22. a5 f3 23. g3 Qf5 24. Ne3 Qh3 25. dxc5 bxc5 26. Qxc5 Nd7 27. Bxd7
Qxd7 28. a6 Rc8 29. Qd4 Qc6 30. Rb7 Rg8 31. Rxa7 Qxc3 32. Qxc3 Rxc3 33. Rb7 Ra3
34. a7 Be8 35. Rfb1 Bc6 36. Rb8 Rxa7 37. Rxg8+ Kxg8 38. Rb8+ Kf7 39. h4 h6 40.
g4 Rb7 41. Kh2 Rxb8 {Time forfeit} 0-1

[Event "Rated Blitz tournament I95CQqVc"]
[Site "?"]
[Date "2021.11.05"]
[Round "?"]
[White "stambul65"]
[Black "cuerosky"]
[Result "1-0"]
[WhiteElo "2471"]
[BlackElo "2300"]
[PlyCount "79"]
[EventDate "2021.??.??"]
[EventType "blitz"]

1. e4 e5 2. Nf3 d5 3. d4 dxe4 4. Nxe5 Bd6 5. Nc4 Nf6 6. Nc3 Bf5 7. Bg5 Be7 8.
Ne5 O-O 9. Bc4 Nbd7 10. Qe2 h6 11. Bf4 Nb6 12. O-O-O Nxc4 13. Qxc4 c6 14. d5
cxd5 15. Nxd5 Nxd5 16. Rxd5 Qc8 17. Qxc8 Raxc8 18. Nc6 Rxc6 19. Rxf5 Rfc8 20.
c3 g6 21. Rd5 Kg7 22. Re1 Re6 23. Re5 Rxe5 24. Bxe5+ f6 25. Bd4 Bd6 26. Rxe4
Bxh2 27. Re7+ Kf8 28. Rxb7 a5 29. Bxf6 Bf4+ 30. Kc2 Re8 31. Kd3 Re6 32. Bd4 h5
33. Rb6 Re1 34. Rxg6 Rb1 35. Rf6+ Ke7 36. Rxf4 Rxb2 37. Rf5 Rxa2 38. Rxh5 a4
39. Rh7+ Ke6 40. Ra7 {Normal} 1-0

[Event "Rated Blitz game"]
[Site "?"]
[Date "2021.11.05"]
[Round "?"]
[White "Thepousseurdebois"]
[Black "Benny_Watts_2005"]
[Result "1-0"]
[WhiteElo "2518"]
[BlackElo "2360"]
[PlyCount "65"]
[EventDate "2021.??.??"]
[EventType "blitz"]

1. e4 e5 2. Nf3 d5 3. Nc3 d4 4. Ne2 Bd6 5. Ng3 c5 6. Bc4 Nc6 7. d3 Nf6 8. O-O
Qe7 9. Nh4 g6 10. Bh6 Be6 11. Bxe6 Qxe6 12. f4 exf4 13. Bxf4 Bxf4 14. Rxf4 g5
15. Nhf5 gxf4 16. Ng7+ Ke7 17. Nxe6 fxg3 18. Nxc5 gxh2+ 19. Kh1 b6 20. e5 Nd5
21. Qf3 bxc5 22. Qxd5 Rac8 23. Qd6+ Ke8 24. e6 fxe6 25. Qxe6+ Kd8 26. Qd6+ Ke8
27. Re1+ Kf7 28. Qf4+ Kg7 29. Qg5+ Kf7 30. Qf5+ Kg7 31. Re4 h5 32. Re6 Rcf8 33.
Qg6# {Normal} 1-0

[Event "Rated Blitz game"]
[Site "?"]
[Date "2021.11.05"]
[Round "?"]
[White "lion_suny"]
[Black "Maltinho"]
[Result "0-1"]
[WhiteElo "2402"]
[BlackElo "2545"]
[PlyCount "60"]
[EventDate "2021.??.??"]
[EventType "blitz"]

1. e4 e5 2. Nf3 d5 3. Nxe5 Bd6 4. d4 dxe4 5. Nc3 Bxe5 6. dxe5 Qxd1+ 7. Kxd1 Nc6
8. Bb5 Bd7 9. Bxc6 Bxc6 10. Be3 Ne7 11. Ke2 Ng6 12. Bd4 O-O-O 13. Ke3 Nh4 14.
Bc5 Nxg2+ 15. Ke2 Nf4+ 16. Ke3 Ng2+ 17. Ke2 Rhe8 18. Rhg1 Nf4+ 19. Ke3 Ng6 20.
Bd4 Nh4 21. Bc5 b6 22. Ba3 Rxe5 23. Rg4 g5 24. Rag1 Nf5+ 25. Ke2 h6 26. h4 Nd4+
27. Kf1 f5 28. R4g3 f4 29. Rg4 Bd7 30. R4g2 Bh3 {Normal} 0-1